000 00590nam a2200229Ia 4500
003 OSt
005 20221005123434.0
006 a|||||r|||| 00| 0
007 ta
008 221004b |||||||| |||| 00| 0 eng d
024 _a39997
037 _cTextual
040 _aCRL
_cCRL
_beng
041 _2eng
_aeng
082 _aO:4K94x, A.1-.3, A.3;1
100 _aChesterfield Earl Of
_9633664
245 0 _aLetters
260 _c1870
650 _aENGLISH LITERATURE
942 _hO:4K94x, A.1-.3, A.3;1
_cTEXL
_2cc
999 _c1047401
_d1047401